Manual de excepciones civiles /

Contenido: I. Introducción a la acción; II. De la excepción en general; III. De las excepciones procesales: 1. Excepciones procesales que forman parte de los presupuestos del proceso; 2. Por la pendencia de algún juicio; 3. Por la existencia de obligaciones condicionales o de plazo; 4. Por su resolu...

Descripción completa

Guardado en:
Detalles Bibliográficos
Autor principal: Enrigue Lancaster-Jones, Carlos María (autor)
Formato: Libro
Idioma:Español
Publicado: México : Porrúa, 2006, c2006
Edición:2a edición
Temas:
Etiquetas: Agrega una etiqueta
Sin etiquetas, Sé el primero en etiquetar este registro!

MARC

LEADER 00000nam^a2200000^a^4500
001 000297001
005 20250521000000.0
009 20260310112324.686
020 |a 970-07-6545-8 
037 |a Acervo ITESO - Biblioteca 
041 |a ESP 
082 |a 347. 72052  |b ENR 
100 |a Enrigue Lancaster-Jones, Carlos María  |e (autor) 
245 1 0 |a Manual de excepciones civiles /  |c C.M. Enrigue Lancaster-Jones. 
250 |a 2a edición 
264 4 |a México :  |b Porrúa,  |c 2006, c2006 
300 |a X, 137p. 
336 |a texto  |b txt  |2 rdacontenido 
337 |a sin mediación  |b n  |2 rdamedio 
338 |a volumen  |b nc  |2 rdasoporte 
520 |a Contenido: I. Introducción a la acción; II. De la excepción en general; III. De las excepciones procesales: 1. Excepciones procesales que forman parte de los presupuestos del proceso; 2. Por la pendencia de algún juicio; 3. Por la existencia de obligaciones condicionales o de plazo; 4. Por su resolución; 5. Beneficios al fiador; IV. De las excepciones sustantivas: 1. Falta de acción; 2. Por la modalidad imperante de la obligación; 3. Por su transmisibilidad; 4. Por el cumplimiento de la obligación; 5. Por haberse extinguido la obligación; 6. Por la imposibilidad de ejercer la acción por el transcurso del tiempo; 7. Por la existencia o validez de la obligación; 8. Excepciones perentorias contractuales; 9. Por su veracidad literal. 
649 |a XX 
650 |a Excepciones (Derecho) -  |z México -  |x Tema Principal 
650 |a Procedimientos Civiles -  |z México 
650 |a Derecho Procesal Civil -  |z México 
650 |a Derecho Procesal -  |z México 
650 |a Derecho Civil -  |z México 
650 |a Derecho Privado -  |z México 
910 |a Fondo General 
920 |a Impresos - Libros 
930 |a Colección General 
905 |a 101 
901 |a 0500183025  |b IT1  |c ACC  |i C121095  |u 20250521 
902 |a https://opac.biblio.iteso.mx/vufind/Record/000297001